Mikroekonomická nerovnováha a rozpočtová politika štátu
Saved in:
| Main Author: | |
|---|---|
| Other Authors: | , , , , , |
| Format: | Book |
| Language: | Slovak |
| Published: |
Bratislava
Ústav slovenskej a svetovej ekonomiky SAV
1999
|
| Subjects: | |
| Tags: |
No Tags, Be the first to tag this record!
|
MARC
| LEADER | 00000nam a2200000 4500 | ||
|---|---|---|---|
| 001 | 0122891 | ||
| 005 | 20240111125234.5 | ||
| 041 | 0 | |a slo | |
| 044 | |a SK | ||
| 245 | 1 | 0 | |a Mikroekonomická nerovnováha a rozpočtová politika štátu |c vedúca úlohy Vilma Juríčková |
| 264 | 1 | |a Bratislava |b Ústav slovenskej a svetovej ekonomiky SAV |c 1999 | |
| 300 | |a 162 s. | ||
| 610 | 2 | 0 | |a nerovnováha hospodárska |
| 610 | 2 | 0 | |a mikroekonomika |
| 610 | 2 | 0 | |a politika rozpočtová |
| 100 | 1 | |a Juríčková, Vilma | |
| 700 | 1 | |a Benčík, Michal | |
| 700 | 1 | |a Brzica, Daneš | |
| 700 | 1 | |a Kačírková, Mária | |
| 700 | 1 | |a Petrík, Borislav | |
| 700 | 1 | |a Staněk, Peter | |
| 700 | 1 | |a Vokoun, Jaroslav | |